=LDR 00000nam 2200000 4500 =001 INLIS000000000023704 =005 20241218100728 =035 ##$$a 0010-061300000023704 =008 241218################g##########0#ind## =041 ##$$a Ind =082 ##$$a 342.06 =090 ##$$a 342.06, Sum p =100 1#$$a Sumitro, Rochmat =245 1#$$a Peradilan Tata Usaha Negara, /$c Prof. Dr. H. Rochmat Soemitro, SH =260 ##$$a Bandung :$b PT. Redika Aditama,$c 1998 =300 ##$$a viii, 136 hlm, ; $c 21 x 15 cm. =650 #4$$a Peradilan tata usaha =850 ##$$a NBPNMAT =084 ##$$a 342.06 SUM p =990 ##$$a 0001/BPAP-NTB/20142014 =990 ##$$a 01201707302 =990 ##$$a 18228/pb.06 =990 ##$$a 40600102 =990 ##$$a 40600102 =990 ##$$a 0001/BPAP-NTB/20142014 =990 ##$$a 01201707302 =990 ##$$a 18228/pb.06